[Event "Trelew Acevedo Cup"]
[Site "Trelew"]
[Date "2018.04.28"]
[Round "2"]
[White "Hernandez, Horacio"]
[Black "Lowy, Tomas"]
[Result "1-0"]
[WhiteElo "2096"]
[BlackElo "1810"]
[PlyCount "59"]
[EventDate "2018.04.27"]
[EventType "swiss"]
[EventRounds "7"]
[EventCountry "ARG"]
[SourceTitle "CBM 184 Extra"]
[Source "ChessBase"]
[SourceDate "2018.06.28"]
[SourceVersion "1"]
[SourceVersionDate "2018.06.28"]
[SourceQuality "1"]

1. d4 Nf6 2. Bg5 Ne4 3. h4 d5 4. Nd2 Nxg5 5. hxg5 e6 6. f4 c5 7. c3 Bd6 8. e3 f6 9. Ngf3 Nc6 10. Bd3 cxd4 11. cxd4 f5 12. a3 g6 13. Nh4 Kf7 14. g4 Bd7 15. gxf5 exf5 16. Qb3 Qe7 17. Qxd5+ Be6 18. Qf3 Nxd4 19. Qf2 Bd5 20. 0-0 Ne6 21. Nhf3 h6 22. Nc4 hxg5 23. Rad1 Bc5 24. Nce5+ Kg7 25. Bxf5 Nxf4 26. Nxg6 Qxe3 27. Rxd5 Qxf3 28. Rd7+ Kf6 29. Rd6+ Kxf5 30. Qxc5+ 1-0

[Event "Trevelin op 7th"]
[Site "Trevelin"]
[Date "2015.03.20"]
[Round "1.2"]
[White "Hernandez, Horacio"]
[Black "Draguicevich, Katherina"]
[Result "1-0"]
[WhiteElo "2145"]
[BlackElo "1499"]
[PlyCount "57"]
[EventDate "2015.03.20"]
[EventType "swiss"]
[EventRounds "7"]
[EventCountry "ARG"]
[SourceTitle "EXT 2024"]
[Source "ChessBase"]
[SourceDate "2023.10.10"]
[SourceVersion "1"]
[SourceVersionDate "2023.10.10"]
[SourceQuality "1"]

1. g3 e5 2. c4 d5 3. Bg2 Nf6 4. cxd5 Nxd5 5. Qb3 c6 6. Nf3 Bd6 7. 0-0 0-0 8. Nc3 Nxc3 9. bxc3 Qc7 10. d4 Be6 11. Qc2 Nd7 12. Ng5 Nf6 13. Nxe6 fxe6 14. Rb1 Rf7 15. Bh3 Qe7 16. Bg5 Raf8 17. e4 h6 18. Be3 exd4 19. cxd4 e5 20. Bf5 exd4 21. Bxd4 c5 22. Ba1 b6 23. e5 Bxe5 24. Rbe1 Nd7 25. Bxd7 Qxd7 26. Rxe5 Qh3 27. f4 g5 28. Rxg5+ hxg5 29. Qg6+ 1-0

[Event "Trevelin Patagonico op 6th"]
[Site "Trevelin"]
[Date "2014.03.02"]
[Round "4"]
[White "Moreno, Carlos"]
[Black "Hernandez, Horacio"]
[Result "1-0"]
[WhiteElo "1769"]
[BlackElo "2240"]
[PlyCount "151"]
[EventDate "2014.02.28"]
[EventType "swiss"]
[EventRounds "7"]
[EventCountry "ARG"]
[SourceTitle "CBM 159 Extra"]
[Source "ChessBase"]
[SourceDate "2014.04.24"]
[SourceVersion "1"]
[SourceVersionDate "2014.04.24"]
[SourceQuality "1"]

1. d4 c6 2. e4 d5 3. Nc3 dxe4 4. Nxe4 Nf6 5. Nxf6+ gxf6 6. Bc4 Bf5 7. Nf3 e6 8. Qe2 Bd6 9. Nh4 Bg6 10. Nxg6 hxg6 11. g3 Nd7 12. Bd2 Qe7 13. 0-0-0 Rh5 14. f4 f5 15. Rhe1 0-0-0 16. Be3 Nf6 17. Rd3 Ne4 18. Rb3 Rd7 19. a4 Kd8 20. Bd3 Nf6 21. c4 a6 22. c5 Bb8 23. Bxa6 Ke8 24. Bd3 Kf8 25. a5 Kg7 26. Kc2 Nd5 27. Bg1 Rh8 28. Ra1 Ba7 29. Bc4 Nf6 30. a6 Rb8 31. axb7 Rdxb7 32. Rxb7 Qxb7 33. b3 Ne4 34. Qe1 Qd7 35. Ra6 Rb7 36. Be3 Nf6 37. Qa1 Nd5 38. Bd2 Bb8 39. Qa4 Rc7 40. b4 Nf6 41. Bc3 Nd5 42. Bd2 Nf6 43. Bc3 Nd5 44. Kd3 g5 45. fxg5 f4 46. Qa1 fxg3 47. hxg3 Rc8 48. Qf1 Bxg3 49. Bxd5 Qxd5 50. Qf6+ Kg8 51. g6 Qf5+ 52. Qxf5 exf5 53. gxf7+ Kxf7 54. Bd2 Ke7 55. Bg5+ Kd7 56. Ke3 Be1 57. Rb6 Rg8 58. Bf4 Re8+ 59. Be5 Bh4 60. Kf4 Rf8 61. Bd6 Rf6 62. Rb7+ Ke6 63. Rh7 Bf2 64. Be5 Rg6 65. Rc7 Kd5 66. Kxf5 Rh6 67. Rd7+ Kc4 68. Rd6 Rh7 69. Rxc6 Kxb4 70. Rd6 Kb5 71. Ke6 Rh6+ 72. Kd5 Rh7 73. Rb6+ Ka5 74. Rb2 Be1 75. c6 Bc3 76. Rb7 1-0